000 00373nam a22001697a 4500
999 _c523894
_d523894
003 NUST
020 _a8126004215
038 _awaseem
082 _a891.42
_bSEK
100 _aSekhon, Sant Singh
_914714
245 _aHeer Waris Shah /
_cSant Singh Sekhon
300 _a338 p. ;
500 _aPaperback.
880 _6100-02\r
880 _6245-02\r
942 _2ddc
_cBK